009140000a220013300045007730055000001000029000552450129000843000047002135200364002606500041006249420008006659520090006739990017007630 tPerfiles: revista de la comunidad académica UDES1 aPérez L., Mario Iván10aLos trabajadores y las formas de organización del trabajo en la provincia de Soto, durante la segunda mitad del siglo XIX. aVol.0, núm.2 ( , 2005), Páginas 94-105 aLa sociedad santandereana de la segunda mitad del siglo XIX es una colectividad poco estudiada. En el presente artículo se pretende hacer una aproximación al perfil del hombre y la mujer santandereanos, explorando su cotidianidad, las formas de organización del trabajo y las relaciones de producción que se desprenden entre el trabajador y la tierra.14aSANTANDER-PROVINCIA DE SOTO-HISTORIA cANA 001040708HEMaFUSBCbFUSBCd2016-01-26l0o r2016-01-26 00:00:00w2016-01-26yANA c62579d62579